Samsung porastie osemnásobne
Po zatvorení závodov Samsungu v Španielsku a Anglicku by mala koncom júna štartovať nová výroba na Slovensku (Galanta). Investície do novej prevádzky. Orientácia výroby. Zvýšenie počtu zamestnancov. Potreba zlepšenia prístupnosti závodu - zlepšenie dopravnej situácie. Rozmach výroby ťahá na Slovens...
Salvato in:
| Autore principale: | |
|---|---|
| Natura: | Capitolo di libro |
| Lingua: | slovacco |
| Soggetti: | |
| Tags: |
Nessun Tag, puoi essere il primo ad aggiungerne!!
|
MARC
| LEADER | 00000naa$a2200000$$$4500 | ||
|---|---|---|---|
| 001 | 0006686 | ||
| 005 | 20231009074554.8 | ||
| 041 | 0 | |a slo | |
| 044 | |a SK | ||
| 245 | 1 | 0 | |a Samsung porastie osemnásobne |c aut. Martin Jesný |
| 520 | |a Po zatvorení závodov Samsungu v Španielsku a Anglicku by mala koncom júna štartovať nová výroba na Slovensku (Galanta). Investície do novej prevádzky. Orientácia výroby. Zvýšenie počtu zamestnancov. Potreba zlepšenia prístupnosti závodu - zlepšenie dopravnej situácie. Rozmach výroby ťahá na Slovensko aj dodávateľov Samsungu. | ||
| 610 | 2 | 0 | |a investície zahraničné |
| 610 | 2 | 0 | |a investície zo zahraničia |
| 610 | 2 | 0 | |a výroba |
| 610 | 2 | 0 | |a počet pracovníkov |
| 610 | 2 | 0 | |a doprava |
| 610 | 2 | 0 | |a Slovensko |
| 610 | 2 | 0 | |a Samsung |
| 100 | 1 | |a Jesný, Martin | |